| 000 | 00000nam##2200000za#4500 |
| 001 | 9.648495 |
| 003 | CaOODSP |
| 005 | 20250319164517 |
| 007 | ta |
| 008 | 150407|2002||||xxc||||| f|0| 0 eng|d |
| 020 | |a0-662-31821-8 |
| 040 | |aCaOODSP|beng |
| 043 | |an-cn--- |
| 086 | 1 |aH39-608/2002E |
| 110 | 1 |aCanada.|bHealth Canada. |bPopulation and Public Health Branch. |
| 245 | 10|aCanada's aging population / |cIssued by the Division of Aging and Seniors. |
| 260 | |aOttawa - Ontario : |bHealth Canada. |c2002. |
| 300 | |a43p. : |bgraphs, illus., maps, references ; |c28 cm. |
| 563 | |aSoftcover |
| 590 | |a02-19|b2002-05-10 |
| 690 | 07|aAging|2gcpds |
| 690 | 07|aSeniors|2gcpds |
| 690 | 07|aReports|2gcpds |
| 775 | 08|tVieillir au Canada / |w(CaOODSP)9.681780 |
| 776 | 0#|tCanada's aging population / |w(CaOODSP)9.695882 |